| 000 | 00779nam a22002417a 4500 | ||
|---|---|---|---|
| 003 | DO-SdBNP | ||
| 005 | 20171129091351.0 | ||
| 008 | 171115b 1979|| |||| 00| 0 spa d | ||
| 020 | _a8403182805 | ||
| 040 |
_aBPMSU _bspa _cBPMSU |
||
| 082 |
_axxxxxx _bxxxxxx |
||
| 100 | 1 | _aSamuelson, Paul A. | |
| 245 | 1 | 0 |
_aCurso de económia moderna / _cPaul A. Samuelson ; traducción José Luis Sampedro |
| 250 | _a17a ed. | ||
| 260 |
_aMadrid : _bAguilar, _c1979 |
||
| 300 |
_axvi, 1004 p. : _bdiagr. ; _c24 cm. |
||
| 500 | _aIncluye referencias bibliográficas y notas al pie de las páginas | ||
| 500 | _aIncluye índice alfabético | ||
| 700 | 1 |
_aSampedro, José Luis, _etr. |
|
| 942 |
_2ddc _cBK |
||
| 945 | _aInventariado extranjero / 2017 BT | ||
| 956 |
_aBTAVAREZ _b10 _c20171115 _d0038 |
||
| 999 |
_c12893 _d12893 |
||